Comment le "permaentrepreneur" peut-il co-construire le monde de demain ? (notice n° 1588393)
[ vue normale ]
| 000 -LEADER | |
|---|---|
| fixed length control field | 02311cam a2200193 4500500 |
| 005 - DATE AND TIME OF LATEST TRANSACTION | |
| control field | 20251228062307.0 |
| 041 ## - LANGUAGE CODE | |
| Language code of text/sound track or separate title | fre |
| 042 ## - AUTHENTICATION CODE | |
| Authentication code | dc |
| 100 10 - MAIN ENTRY--PERSONAL NAME | |
| Personal name | Makaya, Christian |
| Relator term | author |
| 245 00 - TITLE STATEMENT | |
| Title | Comment le "permaentrepreneur" peut-il co-construire le monde de demain ? |
| 260 ## - PUBLICATION, DISTRIBUTION, ETC. | |
| Date of publication, distribution, etc. | 2025.<br/> |
| 500 ## - GENERAL NOTE | |
| General note | 34 |
| 520 ## - SUMMARY, ETC. | |
| Summary, etc. | This article explores entrepreneurship teaching in a Malagasy school context, where the French language, which dominates Malagasy, poses challenges to learning. It is drawn from the self-praxeographic work of a secondary school teacher responsible for implementing an entrepreneurship education program. Building on theories of productive work, the authors propose a pedagogical method that combines linguistic and entrepreneurial learning. It encourages students to use language as a tool for autonomy to create and innovate, while drawing inspiration from cultural and professional models available in French. The objective is to overcome language barriers by developing learners’ autonomy, creativity, and confidence, while strengthening their productivity through entrepreneurship. |
| 520 ## - SUMMARY, ETC. | |
| Summary, etc. | Cet article explore l’enseignement de l’entrepreneuriat en contexte scolaire malgache, où la langue française, dominant le malgache, pose des défis à l’apprentissage. Il est tiré d’un travail autopraxéographique d’un enseignant dans le secondaire, chargé de mettre en œuvre un programme d’éducation à l’entrepreneuriat. Construisant sur les théories du travail productif, les auteurs proposent une méthode pédagogique qui combine apprentissage linguistique et entrepreneurial. Elle incite les élèves à utiliser la langue comme outil d’autonomie pour créer et innover, tout en s’inspirant de modèles culturels et professionnels disponibles en français. L’objectif est de surmonter les barrières linguistiques en développant l’autonomie, la créativité et la confiance des apprenants, tout en renforçant leur productivité à travers l’entrepreneuriat. |
| 700 10 - ADDED ENTRY--PERSONAL NAME | |
| Personal name | Cateura, Olivier |
| Relator term | author |
| 700 10 - ADDED ENTRY--PERSONAL NAME | |
| Personal name | Breuzard, Sylvain |
| Relator term | author |
| 786 0# - DATA SOURCE ENTRY | |
| Note | Entreprendre & Innover | 66 | 3 | 2025-12-04 | p. 89-97 | 2034-7634 |
| 856 41 - ELECTRONIC LOCATION AND ACCESS | |
| Uniform Resource Identifier | <a href="https://shs.cairn.info/revue-entreprendre-et-innover-2025-3-page-88?lang=fr&redirect-ssocas=7080">https://shs.cairn.info/revue-entreprendre-et-innover-2025-3-page-88?lang=fr&redirect-ssocas=7080</a> |
Pas d'exemplaire disponible.




Réseaux sociaux